|
|
|
|
| LEADER |
00000nam0a2200000 4500 |
| 001 |
19264 |
| 005 |
20231101205247.0 |
| 035 |
|
|
|a (RuTPU)RU\TPU\book\19425
|
| 035 |
|
|
|a BOOK00000080
|
| 090 |
|
|
|a 19264
|
| 100 |
|
|
|a 20011209d1982 km y0rusy50 ca
|
| 101 |
0 |
|
|a rus
|
| 102 |
|
|
|a RU
|
| 105 |
|
|
|a y z 000zy
|
| 200 |
1 |
|
|a Социальная доктрина ислама
|f А. Ахмедов
|
| 210 |
|
|
|a Москва
|c Политиздат
|d 1982
|
| 215 |
|
|
|a 270 с.
|
| 606 |
|
|
|a Ислам
|2 stltpush
|3 (RuTPU)RU\TPU\subj\13199
|9 39850
|
| 610 |
1 |
|
|a религия
|
| 610 |
1 |
|
|a мусульманство
|
| 610 |
1 |
|
|a социальные доктрины
|
| 686 |
|
|
|a Э38
|v LBC/SL-A
|2 rubbk
|
| 700 |
|
1 |
|a Ахмедов
|b А.
|g Алим
|
| 801 |
|
0 |
|a RU
|b 63413507
|c 20011209
|g PSBO
|
| 801 |
|
2 |
|a RU
|b 63413507
|c 20201116
|g PSBO
|
| 942 |
|
|
|c BK
|